| 000 | 00757nam a2200241Ia 4500 | ||
|---|---|---|---|
| 003 | GCL | ||
| 008 | 140319s9999 xx 000 0 ara d | ||
| 040 |
_aGCL / _cGCL |
||
| 082 | 0 | 4 |
_aق _b330.9 _bل ب |
| 100 | 1 | _aلاندز، دافيدسن | |
| 245 | 1 | 0 |
_aبنوك وبشوات / _cلاندز، دافيدسن |
| 700 | 1 | _aعبدالعظيم انيس | |
| 300 | _a305 ص | ||
| 490 | _a | ||
| 650 | 0 | 4 | _aالعصر الحديث |
| 650 | 0 | 4 | _aمصر |
| 650 | 0 | 4 | _aتاريخ |
| 650 | 0 | 4 | _aالاحوال الاقتصادية |
| 650 | 0 | 4 | _aقناة السويس، انفاق |
| 650 | 0 | 4 | _aالامتيازات الاجنبية |
| 650 | 0 | 4 | _aمصر - تاريخ - العصر الحديث - عصر اسماعيل ( 1863-1879 م ) |
| 942 |
_2ddc _cBK |
||
| 999 |
_c38289 _d38289 |
||